Samvida vidhi II (Record no. 15715)

MARC details
000 -LEADER
fixed length control field 00461nam a2200181Ia 4500
008 - FIXED-LENGTH DATA ELEMENTS--GENERAL INFORMATION
fixed length control field 230917s9999||||xx |||||||||||||| ||und||
020 ## - ISBN
Price RS240
040 ## - CATALOGING SOURCE
-- 227964
Original cataloging agency VIVEKANANDA LIBRARY
041 ## - Language
-- English
082 ## - DDC NUMBER
Classification number 346.022 K143S(17)
100 ## - MAIN ENTRY--PERSONAL NAME
Personal name Kapoor, S K
245 #0 - TITLE STATEMENT
Title Samvida vidhi II
250 ## - EDITION STATEMENT
Edition statement 17th ed.
260 ## - PUBLICATION, DISTRIBUTION, ETC. (IMPRINT)
Place of publication, distribution, etc Allahabad
Name of publisher, distributor, etc Central Law Agency
Date of publication, distribution, etc 2015
300 ## - PHYSICAL DESCRIPTION
Pages 289 p.
500 ## - GENERAL NOTE
General note 2086 26/08/2015 KB15/115 11/09/2015 Main Budget
942 ## - ADDED ENTRY ELEMENTS (KOHA)
Koha item type Books
Holdings
Withdrawn status Lost status Damaged status Not for loan Location (home branch) Sublocation or collection (holding branch) Date acquired Koha issues (times borrowed) Koha full call number Accession No. Koha date last seen Koha item type
        VIVEKANANDA LIBRARY VIVEKANANDA LIBRARY 06/11/2015   346.022 K143S(17) 343826 17/09/2023 Books
        VIVEKANANDA LIBRARY VIVEKANANDA LIBRARY 06/11/2015 4 346.022 K143S(17) 343827 21/05/2024 Books
        VIVEKANANDA LIBRARY VIVEKANANDA LIBRARY 06/11/2015   346.022 K143S(17) 343828 17/09/2023 Books
        VIVEKANANDA LIBRARY VIVEKANANDA LIBRARY 06/11/2015 1 346.022 K143S(17) 343829 09/02/2026 Books
        VIVEKANANDA LIBRARY VIVEKANANDA LIBRARY 06/11/2015   346.022 K143S(17) 343830 17/09/2023 Books
        VIVEKANANDA LIBRARY VIVEKANANDA LIBRARY 06/11/2015   346.022 K143S(17) A343827 18/05/2024 Books
© Designed and Maintained by Vivekananda Library, MDU Rohtak